Countries in Arabic - Statistics

General Stats
  • This quiz has been taken 30 times
  • The average score is 13 of 15
Answer Stats
Arabic (Abjad) Arabic (Romanized) English % Correct
لبنان lubnan Lebanon
100%
أستراليا 'usturalia Australia
96%
الجزائر aljazayir Algeria
92%
الأرجنتين al'arjantin Argentina
88%
مصر misr Egypt
88%
نيجيريا nayjiria Nigeria
88%
فرنسا faransa France
83%
ألمانيا 'almanya Germany
83%
المكسيك almaksik Mexico
83%
المغرب almaghrib Morocco
83%
الهند alhind India
79%
إسبانيا 'iisbania Spain
79%
سويسرا suisra Switzerland
79%
اليابان alyaban Japan
75%
الصين alsiyn China
67%
No matching quizzes found
Score Distribution
Percent of People with Each Score
Percentile by Number Answered
Your Score History
You have not taken this quiz